000 00524nam a2200181Ia 4500
001 20357
005 20260306172800.0
008 260306t2004||||xx |||||||||||||| ||spa||
041 _aESP
082 _a343.2
_bM22 T. 2
100 _aManrique Salinas, José Antonio
_eAUT
245 0 _aSumillas de las sentencias de habeas corpus expedidas por el tribunal constitucional del Perú y publicadas en
260 _c2004
300 _a158 páginas :
_c20 cm.
650 _aGEN
654 _aCDE
942 _cLIB
_dJUS
_fJUS
_2ddc
_n
999 _c20357
_d20357